Générateur de puzzle - Spécial "Sciences" - Statistiques

Statistiques générales
  • Ce quiz a été pris 164 fois
  • Le résultat moyen est 16 sur 21
Statistiques - réponses
Indices Réponses % Correct
Surnommée "La Planète Rouge", elle est la quatrième planète la plus proche du Soleil Mars
97%
À l'âge adulte, le squelette humain en possède généralement 206 Os
97%
Sa vitesse de propagation dans l'air est de l'ordre de 340 m/s Son
96%
Ce scientifique est à l'origine d'un code (qui porte son nom) composé de traits et de points Morse
92%
Couleur obtenue en mélangeant du rouge et du blanc Rose
92%
De nombreuses expériences scientifiques sont conduites sur ces rongeurs Rats
89%
Élément chimique de symbole "Au" Or
88%
En hydrologie, ce terme s'oppose à "Aval" Amont
87%
Mammifère herbivore et ongulé de la famille des équidés, très proche du cheval Âne
87%
Terme générique désignant tout corps céleste (étoile, planète, comète, satellite naturel…) Astre
85%
Constituant de base de la matière, composé d'un noyau autour duquel gravitent des électrons Atome
85%
Abréviation d' "acide ribonucléique" ARN
82%
Mémoire vive d’un ordinateur ou d'un téléphone RAM
82%
Situé en Sicile (Italie), il est le plus haut volcan actif d'Europe Etna
80%
Plus grosse artère du corps humain Aorte
78%
Appareil émettant des ondes sonores afin de détecter la présence d'objets sous-marins Sonar
77%
Fonction d'une balance qui permet de soustraire le poids d'un contenant du poids total mesuré Tare
76%
Règles strictes de qualité auxquelles sont notamment soumises les entreprises pharmaceutiques Normes
40%
Symbole de l'unité de pression qui équivaut à 1,013 x 105 Pa Atm
37%
Plus grand volcan du Système Solaire : Olympus ____ Mons
37%
Mot mystère (de 9 lettres) Astronome
34%
Aucun quiz correspondant
Distribution des résultats
% des personnes avec chaque résultat
Percentile par nombre de réponses
Votre historique - résultats
Vous n’avez pas pris ce quiz